Sports Quiz

Random Sports or MLB Quiz

Find the Big 4 Animals Quiz Stats

 Plays Quiz Updated Jul 8, 2021

Support Sporcle.
Go Orange.
Score 0/15 Timer 01:30
8 Plays Today
% Correct
Chicago
Bears
95.7%
San Jose
Sharks
92.5%
Philadelphia
Eagles
91.8%
Jacksonville
Jaguars
91.7%
Arizona|St. Louis
Cardinals
90.6%
Toronto Blue
Jays
90.5%
Miami
Dolphins
90.4%
Los Angeles
Rams
88.6%
% Correct
Pittsburgh
Penguins
87.8%
Anaheim
Ducks
83.7%
New Orleans
Pelicans
82.6%
Baltimore
Orioles
80.6%
Baltimore
Ravens
80.2%
Arizona
Diamondbacks
78.5%
Charlotte
Hornets
77.8%

You're not logged in!

Compare scores with friends on all Sporcle quizzes.
OR
Log In
Forgot?

From the Vault

Remove Ads.
Support Sporcle.
Get the best of Sporcle when you Go Orange. This ad-free experience offers more features, more stats, and more fun while also helping to support Sporcle. Thank you for becoming a member.

Show Comments

Extras

Top Quizzes Today


Score Distribution

Your Account Isn't Verified!

In order to create a playlist on Sporcle, you need to verify the email address you used during registration. Go to your Sporcle Settings to finish the process.

Report this User

Report this user for behavior that violates our Community Guidelines.

Details: